[Event "Bundesliga 2021-22"]
[Site "Solingen GER"]
[Date "2022.04.30"]
[Round "5.3"]
[Board "7"]
[White "Olsen, Filip Boe"]
[Black "Andersen, Mads"]
[Result "0-1"]
[WhiteTitle "IM"]
[BlackTitle "GM"]
[WhiteElo "2403"]
[BlackElo "2570"]
[WhiteTeam "SK Doppelbauer Turm Kiel"]
[BlackTeam "SG Solingen"]
[WhiteFideId "1440640"]
[BlackFideId "1413864"]
[EventDate "2022.03.05"]

1. d4 d5 2. c4 dxc4 3. Nf3 Nf6 4. e3 e6 5. Bxc4 c5 6. O-O a6 7. dxc5 Bxc5 8.
Qxd8+ Kxd8 9. Be2 Ke7 10. Nc3 b5 11. Nd2 Bb7 12. Nb3 Nbd7 13. Na5 Rab8 14. Nxb7
Rxb7 15. Bd2 Rc7 16. Rfd1 Rhc8 17. Kf1 Bd6 18. h3 Nc5 19. Rac1 b4 20. Nb1 a5 21.
a3 Nb3 22. Rxc7+ Rxc7 23. axb4 axb4 24. Be1 Ne4 25. Bd3 f5 26. f3 Ng3+ 27. Kf2
Nc1 28. Bb5 Rc2+ 29. Rd2 b3 30. Kg1 f4 31. exf4 Nce2+ 32. Bxe2 Nxe2+ 33. Kf1
Nxf4 34. Nc3 Be5 35. Na4 g5 36. h4 h6 37. hxg5 hxg5 38. g3 Nd5 39. Ke2 Rc4 40.
Nc3 Nxc3+ 41. bxc3 Bxc3 42. Rd1 Bxe1 43. Rxe1 b2 44. Kd2 Kd6 45. Rb1 Rb4 46. Kc3
Kc5 47. f4 gxf4 48. gxf4 Rxf4 0-1

[Event "Bundesliga 2021-22"]
[Site "Solingen GER"]
[Date "2022.04.30"]
[Round "5.3"]
[Board "8"]
[White "Predojevic, Borki"]
[Black "Pajeken, Jakob Leon"]
[Result "1-0"]
[WhiteTitle "GM"]
[BlackTitle "IM"]
[WhiteElo "2585"]
[BlackElo "2382"]
[WhiteTeam "SG Solingen"]
[BlackTeam "SK Doppelbauer Turm Kiel"]
[WhiteFideId "930849"]
[BlackFideId "12942839"]
[EventDate "2022.03.05"]

1. Nf3 d5 2. g3 Nf6 3. Bg2 g6 4. c4 c6 5. b3 Bg7 6. Bb2 O-O 7. O-O Bf5 8. d3 a5
9. Nbd2 Na6 10. a3 Rc8 11. Rc1 b5 12. cxd5 cxd5 13. Rxc8 Qxc8 14. Qa1 Qb7 15. e4
dxe4 16. dxe4 Bg4 17. e5 Nd5 18. e6 Bxb2 19. exf7+ Rxf7 20. Qxb2 Rf8 21. Qd4 Nf6
22. Ne5 Qc8 23. Nxg4 Qxg4 24. Qb6 Qe2 25. Nf3 b4 26. Qxa5 Ng4 27. axb4 Rb8 28.
Nd4 Qe5 29. Nc6 Qxa5 30. bxa5 Rb5 31. Ra1 Nc7 32. b4 1-0

[Event "Bundesliga 2021-22"]
[Site "Solingen GER"]
[Date "2022.04.30"]
[Round "5.4"]
[Board "1"]
[White "Nihal, Sarin"]
[Black "Mamedyarov, Shakhriyar"]
[Result "1-0"]
[WhiteTitle "GM"]
[BlackTitle "GM"]
[WhiteElo "2652"]
[BlackElo "2776"]
[WhiteTeam "Hamburger SK"]
[BlackTeam "SC Viernheim"]
[WhiteFideId "25092340"]
[BlackFideId "13401319"]
[EventDate "2022.03.05"]

1. e4 e5 2. Nf3 Nc6 3. Bc4 Bc5 4. c3 Nf6 5. d4 exd4 6. e5 d5 7. Bb5 Ne4 8. cxd4
Bb6 9. Nc3 O-O 10. Be3 Bg4 11. h3 Bh5 12. Qc2 Bg6 13. Qb3 Ne7 14. O-O c6 15. Bd3
Nf5 16. Qc2 Nxc3 17. bxc3 Nxe3 18. fxe3 Bxd3 19. Qxd3 f6 20. c4 fxe5 21. Nxe5
Qd6 22. Rxf8+ Rxf8 23. Rf1 Rxf1+ 24. Qxf1 Qe6 25. cxd5 cxd5 26. Qb1 a5 27. Kh1
Bc7 28. Qxb7 Bxe5 29. dxe5 Qxe5 30. Qa8+ Kf7 31. Qxa5 Qa1+ 32. Kh2 Qe5+ 33. Kh1
Qa1+ 34. Kh2 Qe5+ 35. g3 Qb2+ 36. Kg1 Ke6 37. Qa4 g6 38. Qe8+ Kd6 39. Qf8+ Ke6
40. Qf2 Qb1+ 41. Kh2 Qe4 42. g4 Qe5+ 43. Kg2 Qe4+ 44. Kg3 h6 45. h4 Qe5+ 46. Kh3
Qe4 47. g5 h5 48. Kg3 Qg4+ 49. Kh2 Qe4 50. Qf6+ Kd7 51. Qd4 Qf3 52. Qf4 Qe2+ 53.
Kg3 Kc6 54. a4 Qe1+ 55. Qf2 Qb1 56. Qe2 Qe4 57. Qb5+ Kc7 58. Qc5+ Kb7 59. Qd4
Qh1 60. Kf2 Ka6 61. Ke2 Ka5 62. Kd2 Qh2+ 63. Kd3 Qh1 64. Kc2 Qg1 65. Qxd5+ Kxa4
66. Qc4+ Ka5 67. Kd3 Qh1 68. Qf4 Qd5+ 69. Qd4 Qb5+ 70. Kd2 Qf1 71. Qe5+ 1-0

[Event "Bundesliga 2021-22"]
[Site "Solingen GER"]
[Date "2022.04.30"]
[Round "5.4"]
[Board "2"]
[White "Kryvoruchko, Yuriy"]
[Black "Svane, Rasmus"]
[Result "1/2-1/2"]
[WhiteTitle "GM"]
[BlackTitle "GM"]
[WhiteElo "2683"]
[BlackElo "2637"]
[WhiteTeam "SC Viernheim"]
[BlackTeam "Hamburger SK"]
[WhiteFideId "14109182"]
[BlackFideId "4657101"]
[EventDate "2022.03.05"]

1. c4 Nf6 2. Nc3 e5 3. Nf3 Nc6 4. g3 d5 5. cxd5 Nxd5 6. Bg2 Bc5 7. O-O O-O 8. d3
h6 9. Nxd5 Qxd5 10. Bd2 Qe6 11. Qc2 Bd6 12. Bc3 a5 13. a3 Bd7 14. Rac1 Ra6 15.
Rfd1 Re8 16. e3 Qg6 17. Qe2 Qh5 18. Qc2 Bg4 19. Nd2 Bxd1 20. Rxd1 b5 21. Rc1 Rb8
22. Ne4 b4 23. axb4 Nxb4 24. Bxb4 Bxb4 25. Qxc7 Rab6 26. h3 Qf5 27. Qa7 Bf8 28.
Qxa5 Rxb2 29. Qd5 R2b5 30. Qc4 Rb1 31. Rxb1 Rxb1+ 32. Kh2 Qd7 33. Qc3 Qb5 34. d4
Rb3 35. Qc8 exd4 36. exd4 Qb8 37. Qd7 Rb2 38. h4 Rc2 39. Qf5 Qc8 40. Qd5 Qc4 41.
Qf5 g6 42. Qe5 Qe6 43. h5 Qxe5 44. dxe5 g5 45. Bh3 Re2 46. Bf5 Kg7 47. Kg2 Bc5
48. Kf1 Rc2 49. e6 fxe6 50. Bxe6 Bd4 51. Bd5 Kf8 52. Bb3 Rb2 53. Bc4 Ke7 54. Bg8
Rb5 55. Bc4 Re5 56. Nd2 Ba7 57. Be2 Ke6 58. Bd1 Rb5 59. Be2 Rb2 60. Nf3 Kf5 61.
Nh2 Kf6 62. Ng4+ Kg7 63. Bf3 Bd4 64. Be4 Rb3 65. Ke2 Ra3 66. Kf1 Ra4 67. Bf5 Bc5
68. Ke2 Ra5 69. Bg6 Ra4 1/2-1/2

[Event "Bundesliga 2021-22"]
[Site "Solingen GER"]
[Date "2022.04.30"]
[Round "5.4"]
[Board "3"]
[White "Hansen, Sune Berg"]
[Black "Korobov, Anton"]
[Result "1/2-1/2"]
[WhiteTitle "GM"]
[BlackTitle "GM"]
[WhiteElo "2528"]
[BlackElo "2695"]
[WhiteTeam "Hamburger SK"]
[BlackTeam "SC Viernheim"]
[WhiteFideId "1400266"]
[BlackFideId "14105730"]
[EventDate "2022.03.05"]

1. Nf3 c5 2. c4 Nf6 3. Nc3 d5 4. cxd5 Nxd5 5. e4 Nb4 6. d3 N4c6 7. h3 Nd4 8.
Nxd4 cxd4 9. Nb1 Nc6 10. Be2 e5 11. Nd2 Be7 12. O-O O-O 13. a3 Bd7 14. Bg4 Be8
15. g3 b5 16. Nf3 Qd6 17. h4 a5 18. Bd2 a4 19. b4 Bd7 20. Nh2 Rac8 21. Rc1 Na7
22. Qe2 Rxc1 23. Rxc1 Rc8 24. Rxc8+ Nxc8 25. Bxd7 Qxd7 26. Qg4 Qxg4 27. Nxg4 f6
28. h5 Na7 29. Nh2 Nc6 30. Nf3 Kf7 31. g4 g6 32. hxg6+ hxg6 33. Kf1 Ke6 34. Ke2
g5 1/2-1/2

[Event "Bundesliga 2021-22"]
[Site "Solingen GER"]
[Date "2022.04.30"]
[Round "5.4"]
[Board "4"]
[White "Amin, Bassem"]
[Black "Ernst, Sipke"]
[Result "1-0"]
[WhiteTitle "GM"]
[BlackTitle "GM"]
[WhiteElo "2683"]
[BlackElo "2537"]
[WhiteTeam "SC Viernheim"]
[BlackTeam "Hamburger SK"]
[WhiteFideId "10601457"]
[BlackFideId "1004689"]
[EventDate "2022.03.05"]

1. Nf3 d5 2. g3 g6 3. Bg2 Bg7 4. d4 c6 5. O-O Nf6 6. b3 O-O 7. Bb2 Ne4 8. Nbd2
c5 9. e3 Bg4 10. c4 cxd4 11. exd4 e6 12. Re1 f5 13. Nf1 Nc6 14. cxd5 exd5 15.
Ne3 Bxf3 16. Bxf3 Qa5 17. a3 Rad8 18. Qd3 Kh8 19. Rad1 a6 20. Bg2 Rd7 21. b4 Qb6
22. Re2 Qd8 23. Nc2 Re8 24. Rde1 Rde7 25. Na1 a5 26. b5 Nb8 27. a4 Nd7 28. Nb3
b6 29. Ba3 Re6 30. f3 Ng5 31. Bd6 Rxe2 32. Rxe2 Nf7 33. Bc7 Qc8 34. Rxe8+ Qxe8
35. Kf2 Qc8 36. Qc2 Nf8 37. Qc6 Nd7 38. Bf4 Qe8 39. Qxd5 Qe7 40. Bf1 Bh6 41.
Bxh6 Nxh6 42. Bc4 Kg7 43. Qe6 Kf8 44. Qxe7+ Kxe7 45. Ke3 g5 46. Nd2 Nf6 47. Kd3
Nf7 48. Bxf7 Kxf7 49. Nc4 Nd5 50. Ne3 Ne7 51. d5 1-0

[Event "Bundesliga 2021-22"]
[Site "Solingen GER"]
[Date "2022.04.30"]
[Round "5.4"]
[Board "5"]
[White "Svane, Frederik"]
[Black "Fedorchuk, Sergey A."]
[Result "1/2-1/2"]
[WhiteTitle "IM"]
[BlackTitle "GM"]
[WhiteElo "2496"]
[BlackElo "2604"]
[WhiteTeam "Hamburger SK"]
[BlackTeam "SC Viernheim"]
[WhiteFideId "12923044"]
[BlackFideId "14102536"]
[EventDate "2022.03.05"]

1. e4 c5 2. Nf3 Nc6 3. Bb5 g6 4. O-O Bg7 5. Re1 e5 6. Bxc6 dxc6 7. d3 Qc7 8. Be3
b6 9. a3 a5 10. Nbd2 a4 11. b4 axb3 12. cxb3 Nf6 13. Nc4 Ng4 14. Bd2 Be6 15. Qc2
O-O 16. h3 Bxc4 17. Qxc4 Nf6 18. a4 Nd7 19. Rec1 Rfd8 20. Bg5 Rdb8 21. Be3 Qd6
22. Qc3 Bf8 23. a5 b5 24. b4 cxb4 25. Qxc6 b3 26. Qc3 Qb4 27. Qb2 Nc5 28. Bxc5
Bxc5 29. Rc3 Rxa5 30. Rxa5 Bd4 31. Rxb3 Qxa5 32. Nxd4 exd4 33. Qxd4 b4 34. Qc4
Qa1+ 35. Kh2 Qe5+ 36. g3 Qe7 37. Kg2 h5 38. h4 Kh7 39. Rb2 Qb7 40. Rb3 Qe7 41.
Kf3 Qb7 42. Ke3 Kh6 43. Qc5 Kh7 44. d4 Qa6 45. Qc2 Qb5 46. Qd3 Qc6 47. Rb1 Rb7
48. d5 Qd6 49. Qd4 b3 50. Qc3 Qb6+ 51. Kf3 b2 52. Kg2 Qb4 53. Qxb4 Rxb4 54. Kf3
Kg7 55. Ke3 f5 56. exf5 gxf5 57. Kd3 Kf6 58. Kc3 Rb5 59. Rxb2 Rxd5 60. Rb6+ Kg7
61. Rb4 Rd1 62. Rd4 Rf1 63. Rf4 Kf6 64. Kd2 Ra1 65. Rb4 Ra3 66. Rb8 Kg7 67. Rb4
Kf6 68. Ke2 Kg6 69. Rd4 Rb3 70. Rd3 Rb4 71. Rd6+ Kg7 72. Ke3 Re4+ 73. Kd3 Re1
74. Rd4 Kf6 75. Rc4 Re6 76. Rc8 Kg7 77. Rc3 Kf6 78. Kd2 Re4 79. Re3 Ra4 80. Re8
Kg7 81. Ke3 Rb4 82. Rd8 Re4+ 83. Kd3 Re1 84. Rc8 Re4 85. Rc4 Re1 86. Rc3 Kf6 87.
Rc2 Re4 88. Rb2 Ra4 89. Rb6+ Kg7 90. Rb5 Kf6 91. Rc5 Re4 92. Rc2 Kg6 93. Re2 Ra4
94. Re6+ Kg7 95. Ke3 Rb4 96. f3 Ra4 97. Rd6 Rb4 98. Rd4 Rb6 99. Rd5 Kf6 100. Rd8
Rb3+ 101. Rd3 Rb4 102. Rc3 Ra4 103. Kd3 Kg6 104. Ke3 Kf6 105. Rb3 Kg6 106. Rd3
Kf6 107. Rd6+ Kg7 108. Rc6 Rb4 109. Ra6 Rc4 110. Kd3 Rb4 111. Ra3 Kf6 112. Kc3
Rb6 113. Ra8 Kg7 114. Ra7+ Kg6 115. Ra8 Kg7 116. Ra5 Kf6 117. Kc4 Rd6 118. Ra3
Rd1 119. Ra6+ Kg7 120. f4 Rg1 121. Ra3 Kf6 122. Kd4 Rd1+ 123. Rd3 Ra1 124. Kc5
Ra5+ 125. Kc6 Ra6+ 126. Kd7 Ra7+ 127. Ke8 Ra8+ 128. Rd8 Ra3 129. Kf8 Ra6 130.
Kg8 Kg6 131. Kf8 Kf6 132. Ke8 Ke6 133. Rb8 Rc6 134. Kd8 Rc3 135. Rb6+ Kf7 136.
Rh6 Rxg3 137. Rxh5 Rd3+ 138. Kc7 Kg6 139. Rg5+ Kf6 140. h5 Rf3 141. h6 Rh3 142.
Kd6 Rxh6 143. Rg3 Rh1 144. Rf3 Re1 145. Kd5 Re4 146. Rf1 Kg6 147. Rg1+ Kf6 148.
Rf1 Kg6 149. Rg1+ Kf6 150. Rf1 Kg6 151. Rg1+ 1/2-1/2

[Event "Bundesliga 2021-22"]
[Site "Solingen GER"]
[Date "2022.04.30"]
[Round "5.4"]
[Board "6"]
[White "Braun, Arik"]
[Black "Heinemann, Thies"]
[Result "1-0"]
[WhiteTitle "GM"]
[BlackTitle "GM"]
[WhiteElo "2587"]
[BlackElo "2495"]
[WhiteTeam "SC Viernheim"]
[BlackTeam "Hamburger SK"]
[WhiteFideId "4663527"]
[BlackFideId "4601556"]
[EventDate "2022.03.05"]

1. d4 Nf6 2. Bg5 e6 3. Nd2 c5 4. e3 h6 5. Bh4 cxd4 6. exd4 Be7 7. Ngf3 b6 8. Bd3
Ba6 9. Bxf6 Bxf6 10. Qe2 Bxd3 11. Qxd3 Nc6 12. c3 d5 13. Nb3 Qc7 14. h4 h5 15.
g3 g6 16. O-O Ne7 17. Qe2 Nf5 18. Nc1 O-O 19. Nd3 b5 20. a4 a6 21. Rfc1 Qd6 22.
axb5 axb5 23. b4 Qc7 24. Nc5 Nd6 25. Ra2 Rxa2 26. Qxa2 Ne4 27. Qe2 Qc6 28. Qe1
Bg7 29. Ra1 Ra8 30. Rxa8+ Qxa8 31. Nxe4 dxe4 32. Ng5 e5 33. dxe5 Bxe5 34. Nxe4
Qd5 35. Nc5 Kh7 36. Qe3 Bg7 37. Ne4 Qc6 38. Qd3 Be5 39. Nc5 Kg7 40. c4 bxc4 41.
Qxc4 Qd6 42. Kg2 Bd4 43. Nd3 Kg8 44. Nf4 Kg7 45. b5 Qe5 46. Qd5 Qf6 47. Qc6 Ba7
48. Qxf6+ Kxf6 49. b6 Bb8 50. Nd5+ Ke6 51. Nb4 Kd7 52. Na6 Kc8 53. Nxb8 Kxb8 54.
Kf3 Kb7 55. Ke4 1-0

[Event "Bundesliga 2021-22"]
[Site "Solingen GER"]
[Date "2022.04.30"]
[Round "5.4"]
[Board "7"]
[White "Sebastian, Dirk"]
[Black "Wagner, Dennis"]
[Result "1/2-1/2"]
[WhiteTitle "IM"]
[BlackTitle "GM"]
[WhiteElo "2445"]
[BlackElo "2584"]
[WhiteTeam "Hamburger SK"]
[BlackTeam "SC Viernheim"]
[WhiteFideId "4637607"]
[BlackFideId "24650684"]
[EventDate "2022.03.05"]

1. e4 e5 2. Nf3 Nc6 3. Bc4 Nf6 4. d3 Bc5 5. O-O d6 6. c3 a5 7. Re1 O-O 8. h3 Be6
9. Bb5 Ba7 10. d4 Bd7 11. Ba4 Re8 12. Bc2 h6 13. a4 exd4 14. cxd4 Nb4 15. Nc3
Nxc2 16. Qxc2 c6 17. Bd2 Be6 18. Rac1 d5 19. e5 Nd7 20. Be3 Nf8 21. Ne2 f6 22.
Ng3 fxe5 23. Nxe5 Qf6 24. f4 Bf7 25. Qf2 Nh7 26. Qf3 Rad8 27. Nh5 Qf5 28. Ng3
Qf6 29. Nh5 Qf5 30. Ng3 Qf6 1/2-1/2

[Event "Bundesliga 2021-22"]
[Site "Solingen GER"]
[Date "2022.04.30"]
[Round "5.4"]
[Board "8"]
[White "Maze, Sebastien"]
[Black "Meissner, Felix"]
[Result "1-0"]
[WhiteTitle "GM"]
[BlackTitle "FM"]
[WhiteElo "2527"]
[BlackElo "2381"]
[WhiteTeam "SC Viernheim"]
[BlackTeam "Hamburger SK"]
[WhiteFideId "613762"]
[BlackFideId "24671827"]
[EventDate "2022.03.05"]

1. e4 c5 2. Nc3 a6 3. g3 b5 4. Bg2 Bb7 5. Nge2 e5 6. f4 d6 7. a4 b4 8. Nd5 Ne7
9. O-O Nxd5 10. exd5 Nd7 11. fxe5 dxe5 12. c4 Bd6 13. g4 h5 14. Ng3 hxg4 15.
Qxg4 g6 16. Ne4 Be7 17. d3 Nf8 18. Qg3 Rh5 19. Bf3 Rf5 20. Be3 Rc8 21. Bg4 Rxf1+
22. Rxf1 f5 23. Qxe5 fxg4 24. Rxf8+ 1-0

[Event "Bundesliga 2021-22"]
[Site "Baden Baden GER"]
[Date "2022.04.30"]
[Round "5.5"]
[Board "1"]
[White "Sarana, Alexey"]
[Black "Wojtaszek, Radoslaw"]
[Result "1/2-1/2"]
[WhiteTitle "GM"]
[BlackTitle "GM"]
[WhiteElo "2685"]
[BlackElo "2694"]
[WhiteTeam "SF Berlin"]
[BlackTeam "OSG Baden-Baden"]
[WhiteFideId "24133795"]
[BlackFideId "1118358"]
[EventDate "2022.03.05"]

1. d4 Nf6 2. c4 e6 3. Nf3 d5 4. Nc3 Bb4 5. Bg5 h6 6. Bxf6 Qxf6 7. Qa4+ Nc6 8. e3
O-O 9. Be2 Bd7 10. Qb3 dxc4 11. Qxc4 Qg6 12. O-O Bd6 13. Rfd1 Na5 14. Qd3 Qxd3
15. Bxd3 Nc6 16. Rac1 Rfd8 17. Ne4 Nb4 18. Bb1 Ba4 19. Rd2 Bc6 20. a3 Bxe4 21.
Bxe4 Nd5 22. Ne1 c6 23. Nd3 a5 24. g4 g5 25. Kg2 Kg7 1/2-1/2

[Event "Bundesliga 2021-22"]
[Site "Baden Baden GER"]
[Date "2022.04.30"]
[Round "5.5"]
[Board "2"]
[White "Kasimdzhanov, Rustam"]
[Black "Piorun, Kacper"]
[Result "1-0"]
[WhiteTitle "GM"]
[BlackTitle "GM"]
[WhiteElo "2659"]
[BlackElo "2640"]
[WhiteTeam "OSG Baden-Baden"]
[BlackTeam "SF Berlin"]
[WhiteFideId "14200244"]
[BlackFideId "1130420"]
[EventDate "2022.03.05"]

1. d4 Nf6 2. c4 e6 3. Nf3 d5 4. Nc3 Bb4 5. cxd5 exd5 6. Bg5 h6 7. Bh4 Nbd7 8. e3
g5 9. Bg3 Ne4 10. Nd2 Nxg3 11. hxg3 c6 12. Qc2 Nb6 13. Bd3 Be6 14. a3 Bd6 15.
O-O-O Qe7 16. e4 dxe4 17. Bxe4 Nd5 18. Rde1 Rc8 19. Bf5 Kd7 20. Bxe6+ fxe6 21.
Nce4 b6 22. Kb1 Bb8 23. Rc1 Qg7 24. Qa4 Rhe8 25. Nf3 g4 26. Ne5+ Bxe5 27. dxe5
Qxe5 28. Qxa7+ Rc7 29. Qa4 h5 30. Ka1 Rf8 31. Rhe1 Qg7 32. Re2 Qg6 33. Nc3 Rf5
34. Rec2 Rf8 35. Nb5 cxb5 36. Qxb5+ Kc8 37. Qa6+ Kd7 38. Qa4+ 1-0

[Event "Bundesliga 2021-22"]
[Site "Baden Baden GER"]
[Date "2022.04.30"]
[Round "5.5"]
[Board "3"]
[White "Schroeder, Jan-Christian"]
[Black "Donchenko, Alexander"]
[Result "0-1"]
[WhiteTitle "GM"]
[BlackTitle "GM"]
[WhiteElo "2564"]
[BlackElo "2636"]
[WhiteTeam "SF Berlin"]
[BlackTeam "OSG Baden-Baden"]
[WhiteFideId "24662259"]
[BlackFideId "24603295"]
[EventDate "2022.03.05"]

1. e4 c5 2. Nf3 d6 3. d4 cxd4 4. Nxd4 Nf6 5. Nc3 a6 6. g3 e5 7. Nde2 Be7 8. Bg2
O-O 9. O-O b5 10. Nd5 Nbd7 11. Nec3 Nxd5 12. Nxd5 Nf6 13. Ne3 Be6 14. Qd3 Qd7
15. b3 g6 16. Bd2 a5 17. Rfc1 Rfb8 18. a4 b4 19. c3 bxc3 20. Rxc3 Qa7 21. Nc4
Nd7 22. Be3 Nc5 23. Qc2 Rc8 24. Rd1 Rc6 25. Bf1 Rac8 26. Nd2 Qb7 27. Bc4 Nxb3
28. Rxb3 Qc7 29. Rc1 Bxc4 30. Nxc4 Rxc4 31. Qxc4 Qxc4 32. Rxc4 Rxc4 33. Bh6 f6
34. f3 Kf7 35. Bd2 Rxa4 36. Kf2 f5 0-1

[Event "Bundesliga 2021-22"]
[Site "Baden Baden GER"]
[Date "2022.04.30"]
[Round "5.5"]
[Board "4"]
[White "Gustafsson, Jan"]
[Black "Tomczak, Jacek"]
[Result "1/2-1/2"]
[WhiteTitle "GM"]
[BlackTitle "GM"]
[WhiteElo "2643"]
[BlackElo "2584"]
[WhiteTeam "OSG Baden-Baden"]
[BlackTeam "SF Berlin"]
[WhiteFideId "4625498"]
[BlackFideId "1124668"]
[EventDate "2022.03.05"]

1. d4 Nf6 2. c4 g6 3. Nc3 d5 4. Nf3 Bg7 5. Bg5 Ne4 6. Bf4 Nxc3 7. bxc3 c5 8. e3
O-O 9. cxd5 cxd4 10. cxd4 Qxd5 11. Be2 Nc6 12. O-O Bf5 13. Qa4 Qa5 14. Qxa5 Nxa5
15. Nd2 Rfc8 16. g4 Bd7 17. Rfc1 Rxc1+ 18. Rxc1 Rc8 19. Rxc8+ Bxc8 20. d5 Bc3
21. Ne4 Bb4 22. Bc7 b6 23. Bb8 Bb7 24. Bxa7 Bxd5 25. Bf3 Bxa2 26. Bxb6 1/2-1/2

[Event "Bundesliga 2021-22"]
[Site "Baden Baden GER"]
[Date "2022.04.30"]
[Round "5.5"]
[Board "5"]
[White "Gumularz, Szymon"]
[Black "Meier, Georg"]
[Result "1/2-1/2"]
[WhiteTitle "GM"]
[BlackTitle "GM"]
[WhiteElo "2539"]
[BlackElo "2631"]
[WhiteTeam "SF Berlin"]
[BlackTeam "OSG Baden-Baden"]
[WhiteFideId "1188062"]
[BlackFideId "4675789"]
[EventDate "2022.03.05"]

1. c4 Nf6 2. Nc3 e6 3. e4 d5 4. cxd5 exd5 5. e5 Ne4 6. Nf3 Be7 7. d4 c5 8. Bd3
Qa5 9. Bd2 Nxd2 10. Bb5+ Nc6 11. Nxd2 cxd4 12. Nb3 Qc7 13. Qxd4 O-O 14. Bxc6
bxc6 15. Rc1 Qd7 16. O-O f6 17. exf6 Bxf6 18. Qd2 Rb8 19. Ne2 Qd6 20. Ned4 Bd7 1/2-1/2

[Event "Bundesliga 2021-22"]
[Site "Baden Baden GER"]
[Date "2022.04.30"]
[Round "5.5"]
[Board "6"]
[White "Movsesian, Sergei"]
[Black "Sprenger, Jan Michael"]
[Result "1-0"]
[WhiteTitle "GM"]
[BlackTitle "GM"]
[WhiteElo "2609"]
[BlackElo "2483"]
[WhiteTeam "OSG Baden-Baden"]
[BlackTeam "SF Berlin"]
[WhiteFideId "310204"]
[BlackFideId "4646258"]
[EventDate "2022.03.05"]

1. e4 c5 2. Nc3 e6 3. Nge2 a6 4. g3 b5 5. Bg2 Bb7 6. O-O Nf6 7. d3 Nc6 8. h3 b4
9. Na4 Be7 10. a3 bxa3 11. b3 d6 12. Bxa3 Nd7 13. d4 O-O 14. Bb2 Qc7 15. d5 exd5
16. exd5 Nce5 17. Nf4 Rfe8 18. Nh5 Nf6 19. Bxe5 Nxh5 20. Bc3 Nf6 21. Nb2 Nd7 22.
Nc4 Bf6 23. Ba5 Qb8 24. Rb1 Ne5 25. Ne3 Bc8 26. Kh2 Bd7 27. Qd2 Bb5 28. Rfe1 Qc8
29. Bc3 c4 30. f4 Nd7 31. bxc4 Bxc4 32. Nf5 Rxe1 33. Rxe1 Qc7 34. Ba5 Qb8 35.
Bb4 Nc5 36. Bxc5 dxc5 37. d6 Ra7 38. Ne7+ Bxe7 39. dxe7 Qe8 40. Bc6 1-0

[Event "Bundesliga 2021-22"]
[Site "Baden Baden GER"]
[Date "2022.04.30"]
[Round "5.5"]
[Board "7"]
[White "Jakubowski, Krzysztof"]
[Black "Doettling, Fabian"]
[Result "1/2-1/2"]
[WhiteTitle "GM"]
[BlackTitle "GM"]
[WhiteElo "2475"]
[BlackElo "2587"]
[WhiteTeam "SF Berlin"]
[BlackTeam "OSG Baden-Baden"]
[WhiteFideId "1112848"]
[BlackFideId "4627253"]
[EventDate "2022.03.05"]

1. e4 c6 2. Nf3 d5 3. d3 dxe4 4. dxe4 Qxd1+ 5. Kxd1 Nf6 6. Nfd2 g6 7. f3 Bh6 8.
a4 Be6 9. Nb3 Bxc1 10. Nxc1 Nbd7 11. Nd2 O-O-O 12. Nd3 g5 13. Ke2 h6 14. Ke3 Ne8
15. h4 Nd6 16. b3 f5 17. g3 fxe4 18. fxe4 Nf7 19. hxg5 hxg5 20. Bg2 Nfe5 1/2-1/2

[Event "Bundesliga 2021-22"]
[Site "Baden Baden GER"]
[Date "2022.04.30"]
[Round "5.5"]
[Board "8"]
[White "Martin, Julian"]
[Black "Hess, Max"]
[Result "0-1"]
[WhiteTitle "IM"]
[BlackTitle "FM"]
[WhiteElo "2388"]
[BlackElo "2392"]
[WhiteTeam "OSG Baden-Baden"]
[BlackTeam "SF Berlin"]
[WhiteFideId "12941000"]
[BlackFideId "24656666"]
[EventDate "2022.03.05"]

1. e4 c6 2. d4 d5 3. e5 Bf5 4. Nf3 e6 5. Be2 Ne7 6. Nbd2 h6 7. O-O Bh7 8. a4 Ng6
9. a5 Nf4 10. Nb3 Nxe2+ 11. Qxe2 Be7 12. Ne1 O-O 13. Nd3 Nd7 14. Ndc5 Qc7 15.
Nxd7 Qxd7 16. Be3 b6 17. c4 dxc4 18. Qxc4 Be4 19. Nd2 Bd5 20. Qc3 bxa5 21. Nc4
Bb4 22. Qc2 Rfb8 23. Nxa5 Bxg2 24. Kxg2 Qd5+ 25. Kg1 Bxa5 26. Rfc1 Rc8 27. Ra4
Rab8 28. Rc4 Rb5 29. Rc5 Rxc5 30. Qxc5 Qxc5 31. Rxc5 Bb4 32. Rc4 a5 33. Kf1 Kh7
34. Ke2 Kg6 35. Bd2 Bxd2 36. Kxd2 Kf5 37. Kc3 Ke4 38. Ra4 Ra8 39. Kc4 Rb8 40.
Kc3 Rb5 41. Ra1 g5 42. b3 Kf3 43. Rg1 Kxf2 44. Rg3 Rb4 45. Rh3 g4 46. Rxh6 Ke3
47. Rf6 Rxd4 48. Rxf7 Rd3+ 49. Kc4 Rd2 50. Kc5 Rxh2 51. Kd6 g3 52. Kxe6 Re2 53.
Kd7 g2 54. Rg7 Kf2 55. Rf7+ Ke1 56. Rg7 Kf1 57. Rf7+ Rf2 58. Rg7 g1=Q 59. Rxg1+
Kxg1 60. Kxc6 Rb2 0-1

[Event "Bundesliga 2021-22"]
[Site "Baden Baden GER"]
[Date "2022.04.30"]
[Round "5.6"]
[Board "1"]
[White "Stern, Rene"]
[Black "Keymer, Vincent"]
[Result "0-1"]
[WhiteTitle "GM"]
[BlackTitle "GM"]
[WhiteElo "2510"]
[BlackElo "2655"]
[WhiteTeam "SK Koenig Tegel"]
[BlackTeam "Schachfreunde Deizisau"]
[WhiteFideId "4611799"]
[BlackFideId "12940690"]
[EventDate "2022.03.05"]

1. Nf3 d5 2. d4 Nf6 3. c4 e6 4. Nc3 c6 5. e3 Nbd7 6. Bd3 dxc4 7. Bxc4 b5 8. Bd3
Bb7 9. O-O a6 10. a4 b4 11. Ne4 Be7 12. Nxf6+ Bxf6 13. e4 c5 14. e5 Be7 15. Re1
Rc8 16. Be4 Bxe4 17. Rxe4 c4 18. Rg4 g6 19. Bh6 Nb6 20. Nd2 Nd5 21. Ne4 c3 22.
bxc3 Nxc3 23. Nxc3 Rxc3 24. Qe2 Qd5 25. Qxa6 Kd7 26. Rg3 Rc4 27. Rf3 Ra8 28. Qb6
f5 0-1

[Event "Bundesliga 2021-22"]
[Site "Baden Baden GER"]
[Date "2022.04.30"]
[Round "5.6"]
[Board "2"]
[White "Bluebaum, Matthias"]
[Black "Rabiega, Robert"]
[Result "1-0"]
[WhiteTitle "GM"]
[BlackTitle "GM"]
[WhiteElo "2642"]
[BlackElo "2505"]
[WhiteTeam "Schachfreunde Deizisau"]
[BlackTeam "SK Koenig Tegel"]
[WhiteFideId "24651516"]
[BlackFideId "4601475"]
[EventDate "2022.03.05"]

1. d4 d5 2. c4 Nc6 3. Nc3 Nf6 4. Nf3 dxc4 5. e4 Bg4 6. Be3 e6 7. Bxc4 Bb4 8. Qc2
O-O 9. Rd1 Bxf3 10. gxf3 Nh5 11. h4 Qf6 12. Be2 e5 13. Bg5 Qd6 14. dxe5 Qxe5 15.
a3 Bd6 16. Nd5 Rae8 17. Be3 Nf6 18. Rg1 Kh8 19. Rg5 Qe6 20. Nxf6 Qxf6 21. f4 Qe6
22. Bf3 f6 23. Rb5 Nd8 24. h5 b6 25. h6 gxh6 26. Rh5 Nf7 27. Qc3 Bc5 28. Bxc5
bxc5 29. Rxc5 Nd6 30. Rd4 Rf7 31. a4 Qh3 32. Rh5 Qe6 33. Kd2 Rb8 34. Kc2 Kg7 35.
e5 Nf5 36. Rd3 Ne7 37. Be4 f5 38. Bg2 Kh8 39. Rdh3 Qa2 40. Rxh6 Qxa4+ 41. b3
Qa2+ 42. Kc1 Qa3+ 43. Kb1 Qb4 44. Bf1 Qxc3 45. Rxc3 Ng6 46. Bc4 Re7 47. Rh5 Rf8
48. Rf3 Rg7 49. Be6 Ne7 50. Rfh3 Ng6 51. Bxf5 Nxf4 52. Rxh7+ Rxh7 53. Rxh7+ Kg8
54. Be4 Nd5 55. Rh3 c6 56. Rg3+ Kh8 57. Rf3 1-0